000
00331pam a2200145 a 4500
020
_c
041
_h
100
_a
KAVITHA REDDY
_e
Author
245
_a
THE INDIAN SOY COOK BOOK
_c
KAVITHA REDDY
_h
Textual Documents
260
_b
Rupa & Co
300
_a
106
653
_a
food Producation
700
_e
Co-Author
930
_a
5008
999
_c
232405
_d
232405